000 00337 a2200157 4500
001 75127
020 _a9788575296684
040 _cAnchieta - Colégio São Paulo
100 _aLei, Alex
240 1 0 _aA lenda de Uru
_lpor
245 1 0 _aA lenda de Uru
300 _a68
362 0 _a2014
650 4 _aLiteratura juvenil
942 _cBK
999 _c75127
_d75127